000 00433nam a2200181Ia 4500
005 20241217020511.0
008 240331s9999 xx 000 0 und d
082 _bKHA
_25569
_a305
245 0 _aWomen and poverty
260 _aDhaka
_bWomen for Women
_c1997
300 _avii, 102 p.,
650 _aWomen
650 _aPoverty
700 _aSalahuddin, K
_eedt
700 _aJahan, R
_eedt
700 _aIslam, M
_eedt
942 _cL
999 _c1321
_d1321